[Event "7th Open"]
[Site "Dubai UAE"]
[Date "2005.04.04"]
[Round "1"]
[White "Sulskis,S"]
[Black "Menshikov,A"]
[Result "1-0"]
[WhiteElo "2545"]
[BlackElo "2214"]
[EventDate "2005.04.04"]

1. e4 c5 2. f4 d5 3. Nc3 e6 4. Nf3 Nc6 5. Bb5 Nf6 6. Qe2 Be7 7. Bxc6+ bxc6
8. b3 O-O 9. O-O Qa5 10. e5 Ne8 11. Na4 Ba6 12. d3 c4 13. Bd2 cxd3 14. cxd3
Qb5 15. Nd4 Qxd3 16. Qxd3 Bxd3 17. Nxc6 Ba3 18. Bc1 Bxc1 19. Rfxc1 f6 20.
Nc5 Bf5 21. Ne7+ Kf7 22. Nxf5 exf5 23. Nd7 Rg8 24. Rc6 Ke7 25. Nc5 g5 26.
Rd1 Rd8 27. Ra6 1-0

[Event "7th Open"]
[Site "Dubai UAE"]
[Date "2005.04.04"]
[Round "1"]
[White "Sturua,Z"]
[Black "Kassis,A"]
[Result "1-0"]
[WhiteElo "2530"]
[BlackElo "2196"]
[EventDate "2005.04.04"]

1. d4 Nf6 2. c4 c5 3. d5 d6 4. Nc3 g6 5. e4 Bg7 6. Be2 O-O 7. Nf3 e6 8. O-O
Re8 9. Nd2 Na6 10. Kh1 exd5 11. cxd5 Nc7 12. a4 b6 13. f3 Qe7 14. Nc4 Nd7
15. Bf4 Ne5 16. Bxe5 Bxe5 17. Nxe5 Qxe5 18. f4 Qd4 19. Qe1 Ba6 20. Rd1 Qg7
21. e5 Bxe2 22. Qxe2 dxe5 23. f5 gxf5 24. Rxf5 Qg6 25. Rdf1 Rad8 26. Ne4
Kh8 27. Nf6 Re7 28. Rxe5 Rxe5 29. Qxe5 Na6 30. h3 Nb4 31. Rf3 Qb1+ 32. Kh2
1-0

[Event "7th Open"]
[Site "Dubai UAE"]
[Date "2005.04.05"]
[Round "2"]
[White "Mamedov,Rau"]
[Black "Georgiev,Ki"]
[Result "1/2-1/2"]
[WhiteElo "2511"]
[BlackElo "2666"]
[EventDate "2005.04.04"]

1. e4 c5 2. Nf3 d6 3. d4 cxd4 4. Nxd4 Nf6 5. Nc3 a6 6. Bg5 e6 7. f4 Qb6 8.
Qd2 Qxb2 9. Rb1 Qa3 10. f5 Nc6 11. fxe6 fxe6 12. Nxc6 bxc6 13. e5 dxe5 14.
Bxf6 gxf6 15. Ne4 Qxa2 16. Rd1 Be7 17. Be2 O-O 18. O-O Ra7 19. Qh6 Qxc2 20.
Nxf6+ Bxf6 21. Rxf6 Qc5+ 22. Kh1 Rg7 23. Bc4 Qe7 24. Rxf8+ Qxf8 25. Bxe6+
Bxe6 26. Qxe6+ Rf7 27. Rd7 e4 28. Rc7 Kg7 29. Qe5+ Kg8 30. Qe6 Kg7 31. Qe5+
Kg8 32. Qe6 1/2-1/2

[Event "7th Open"]
[Site "Dubai UAE"]
[Date "2005.04.05"]
[Round "2"]
[White "Kobalia,M"]
[Black "Adly,A"]
[Result "1/2-1/2"]
[WhiteElo "2644"]
[BlackElo "2484"]
[EventDate "2005.04.04"]

1. e4 c5 2. Nf3 d6 3. c3 Nf6 4. Bd3 Bg4 5. Bc2 Nc6 6. d3 d5 7. Nbd2 e6 8.
Qe2 Qc7 9. O-O Bd6 10. h3 h5 11. Re1 O-O-O 12. Qf1 g5 13. Nxg5 Rdg8 14.
Ndf3 Bf4 15. Bxf4 Qxf4 16. g3 Qc7 17. h4 dxe4 18. dxe4 Nd7 19. Nh2 Nce5 20.
Re3 f6 21. Nh3 Bxh3 22. Qxh3 Ng4 23. Re2 1/2-1/2

[Event "7th Open"]
[Site "Dubai UAE"]
[Date "2005.04.05"]
[Round "2"]
[White "Koneru,H"]
[Black "Ni Hua"]
[Result "1/2-1/2"]
[WhiteElo "2508"]
[BlackElo "2638"]
[EventDate "2005.04.04"]

1. d4 d5 2. c4 c6 3. Nf3 Nf6 4. e3 a6 5. Bd3 Bg4 6. cxd5 cxd5 7. Qb3 Qc7 8.
Nc3 Bxf3 9. gxf3 e6 10. Bd2 Nc6 11. Rc1 Bd6 12. f4 g6 13. Na4 O-O 14. Qb6
Qe7 15. Nc5 Rab8 16. Qb3 Rfc8 17. Qd1 Qd8 18. O-O Ne7 19. b4 Nf5 20. f3 Nh5
21. Qe2 Qe7 22. Qf2 Kh8 23. Kh1 Rg8 1/2-1/2

[Event "7th Open"]
[Site "Dubai UAE"]
[Date "2005.04.05"]
[Round "2"]
[White "Sundararajan,K"]
[Black "Volkov,S1"]
[Result "1/2-1/2"]
[WhiteElo "2491"]
[BlackElo "2634"]
[EventDate "2005.04.04"]

1. d4 d5 2. c4 c6 3. Nf3 Nf6 4. Nc3 a6 5. c5 Nbd7 6. h3 Qc7 7. Bg5 e5 8. e3
Be7 9. Be2 O-O 10. O-O Re8 11. Qc2 h6 12. Bh4 exd4 13. exd4 Nh5 14. Bxe7
Rxe7 15. Rfe1 Nf8 16. Bf1 Nf4 17. Ne2 N4g6 18. Ng3 Be6 19. b4 Rae8 20. a4
Bd7 21. Qd2 Rxe1 22. Rxe1 Rxe1 23. Qxe1 f6 24. Qe3 Kf7 25. Bd3 Nf4 26. Bf5
N8e6 27. Bxe6+ Bxe6 28. Nh4 g6 29. Ne2 Nxe2+ 30. Qxe2 Qf4 31. Nf3 Qc1+ 32.
Kh2 Qb1 33. Qe1 Qf5 34. Qe3 g5 35. Nd2 Qc2 36. a5 Bf5 37. Nf1 Qb1 38. Ng3
Bg6 39. Qd2 Qa1 40. Ne2 Qf1 41. Ng3 Qc4 42. h4 Bd3 43. hxg5 hxg5 44. Qe3
Qc2 45. Nh5 Bg6 46. Qh3 Bxh5 47. Qxh5+ Kg7 48. f4 Qf5 49. fxg5 fxg5 50. Qf3
Kg6 51. Kg3 Qb1 52. Qe3 Qf5 53. Qe8+ Kg7 54. Qe7+ Kh6 55. Qe3 Qf7 56. Qe5
Kh5 57. Qe2+ Kg6 58. Qe5 Kh6 59. Qh8+ Kg6 60. Qe5 Qf5 61. Qxf5+ Kxf5 62.
Kf3 g4+ 63. Ke3 Kg5 64. g3 1/2-1/2

[Event "7th Open"]
[Site "Dubai UAE"]
[Date "2005.04.05"]
[Round "2"]
[White "Ghaem Maghami,E"]
[Black "Xu Yuhua"]
[Result "1/2-1/2"]
[WhiteElo "2632"]
[BlackElo "2478"]
[EventDate "2005.04.04"]

1. Nf3 c5 2. c4 Nf6 3. Nc3 e6 4. g3 b6 5. Bg2 Bb7 6. O-O Be7 7. Re1 d6 8.
e4 e5 9. d3 Nc6 10. a3 Nd4 11. b4 h5 12. Rb1 Bc6 13. Nd5 Nxf3+ 14. Qxf3 h4
15. bxc5 bxc5 16. Bg5 h3 17. Bf1 Bd7 18. Nxe7 Qxe7 19. Rb7 Qe6 20. Reb1 Nh7
21. Be3 1/2-1/2

[Event "7th Open"]
[Site "Dubai UAE"]
[Date "2005.04.05"]
[Round "2"]
[White "Zhao Xue"]
[Black "Efimenko,Z"]
[Result "1/2-1/2"]
[WhiteElo "2478"]
[BlackElo "2620"]
[EventDate "2005.04.04"]

1. d4 Nf6 2. c4 g6 3. Nc3 Bg7 4. e4 d6 5. Nf3 O-O 6. Be2 Na6 7. O-O e5 8.
Be3 h6 9. dxe5 Ng4 10. Bd2 Nxe5 11. Nxe5 dxe5 12. Qc1 Kh7 13. Rd1 Qh4 14.
g3 Qh3 15. Be3 c6 16. Rd6 Re8 17. Qd1 Bf8 18. Bf1 Qg4 19. Be2 Qh3 20. Bf1
Qg4 21. Be2 Qh3 22. Rd8 Qe6 23. Bg4 Rxd8 24. Qxd8 Qe7 25. Qd1 1/2-1/2

[Event "7th Open"]
[Site "Dubai UAE"]
[Date "2005.04.05"]
[Round "2"]
[White "Iordachescu,V"]
[Black "Al Sayed,Mohamad"]
[Result "1-0"]
[WhiteElo "2609"]
[BlackElo "2476"]
[EventDate "2005.04.04"]

1. e4 c5 2. Nf3 Nc6 3. Nc3 g6 4. d4 cxd4 5. Nxd4 Bg7 6. Be3 Nf6 7. Bc4 d6
8. f3 Qb6 9. Nf5 Qxb2 10. Nxg7+ Kf8 11. Nd5 Nxd5 12. Bxd5 Kxg7 13. O-O Qc3
14. Qc1 h5 15. Rb1 f6 16. Rb3 Qa5 17. c4 Nd8 18. c5 dxc5 19. Bxc5 Re8 20.
Ra3 Qb5 21. Rb3 Qa6 22. Qb2 Qa5 23. Rc1 Be6 24. Rb5 Qa6 25. Ba3 Bxd5 26.
exd5 b6 27. d6 Rc8 28. Re1 Rc2 29. d7 Nc6 1-0

[Event "7th Open"]
[Site "Dubai UAE"]
[Date "2005.04.05"]
[Round "2"]
[White "Gonzales,Jay"]
[Black "Riazantsev,A"]
[Result "1/2-1/2"]
[WhiteElo "2474"]
[BlackElo "2608"]
[EventDate "2005.04.04"]

1. d4 Nf6 2. c4 e6 3. Nf3 d5 4. Bg5 h6 5. Bh4 dxc4 6. Qa4+ c6 7. Bxf6 Qxf6
8. Qxc4 Nd7 9. Nc3 g6 10. Rd1 Bg7 11. e4 e5 12. d5 O-O 13. dxc6 bxc6 14.
Be2 Rb8 15. Rd2 Re8 16. Qa4 Bf8 17. Qxa7 Rb7 18. Qa4 Nc5 19. Qd1 Bg4 20.
O-O Bxf3 21. Bxf3 Ne6 22. Ne2 h5 23. Qc2 Bc5 24. a3 Rc8 25. b4 Bf8 26. Qc4
Ng5 27. Rd3 Ra8 28. Rc1 Rba7 29. Rcc3 Ra6 30. h4 Ne6 31. g3 c5 32. Bg2 cxb4
33. axb4 Ra4 34. Bh3 Bxb4 35. Rf3 Bxc3 36. Qxa4 Qxf3 37. Qxa8+ Nf8 38. Nxc3
Qxc3 39. Qd5 Qc7 40. Qa8 Kg7 41. Qc8 Qd6 42. Qb7 Qd1+ 43. Kg2 Qd6 44. Kg1
Nh7 45. Qd7 Qf6 46. Kg2 Nf8 47. Qc7 Nh7 48. Qd7 Nf8 49. Qc7 Nh7 50. Qd7 Qb6
51. Qe7 Qd4 52. f3 Qb2+ 53. Kg1 Nf8 54. Qc7 Qd4+ 55. Kf1 Kg8 56. Qc2 Nh7
57. Qc8+ Kg7 58. Qc7 Nf8 59. Qc2 Qe3 60. Kg2 Nh7 61. Bc8 Nf6 62. Ba6 Nd7
63. Qd3 Qa7 64. Bc4 Qc7 65. Bb3 Nc5 66. Qc3 Qe7 67. Bd5 Qd6 1/2-1/2

[Event "7th Open"]
[Site "Dubai UAE"]
[Date "2005.04.05"]
[Round "2"]
[White "Kotsur,P"]
[Black "Zhou Jianchao"]
[Result "1/2-1/2"]
[WhiteElo "2599"]
[BlackElo "2473"]
[EventDate "2005.04.04"]

1. d4 Nf6 2. c4 g6 3. Nf3 Bg7 4. g3 O-O 5. Bg2 d5 6. cxd5 Nxd5 7. O-O Nb6
8. Nc3 Nc6 9. d5 Na5 10. Qc2 c6 11. dxc6 Nxc6 12. Rd1 Qe8 13. Be3 Bf5 14.
Qc1 Rc8 15. Bh6 e5 16. Bxg7 Kxg7 17. b3 Qe7 18. Qb2 f6 19. h3 Be6 20. Rac1
Rfd8 21. Rxd8 Rxd8 22. Ne4 Bd5 23. Nc5 Nc8 24. b4 b5 25. a4 bxa4 26. b5 Na5
27. Nxa4 Nc4 28. Qc2 N8b6 29. Nxb6 Nxb6 30. Ne1 Rc8 31. Qd2 Rxc1 32. Qxc1
Bc4 33. Qb2 Qd7 34. Bc6 Qd1 35. Kf1 Kf7 36. Qc2 Qxc2 37. Nxc2 Ke7 38. Ke1
Kd6 39. Nb4 Bd5 40. Be8 Ke7 1/2-1/2

[Event "7th Open"]
[Site "Dubai UAE"]
[Date "2005.04.05"]
[Round "2"]
[White "Zhang Zhong"]
[Black "Ramesh,R"]
[Result "1/2-1/2"]
[WhiteElo "2599"]
[BlackElo "2466"]
[EventDate "2005.04.04"]

1. e4 c5 2. Nf3 Nc6 3. Nc3 d6 4. d4 cxd4 5. Nxd4 Nf6 6. Bg5 e6 7. Qd2 Qb6
8. Bxf6 gxf6 9. Nb3 Bd7 10. O-O-O O-O-O 11. f4 Kb8 12. Be2 h5 13. Rhf1 Bc8
14. Kb1 Be7 15. Rf3 Rdg8 16. Bf1 h4 17. Nb5 Rd8 18. Qe1 d5 19. exd5 exd5
20. N5d4 Bd6 21. Nxc6+ Qxc6 22. Nd4 Qd7 23. Bd3 Qg4 24. Qf2 Bc7 25. h3 Qh5
26. Be2 Qh6 27. f5 Rhe8 28. Rb3 Bb6 29. a4 Ka8 30. Bb5 Re4 31. a5 Bc5 32.
a6 Qh5 33. Rdd3 b6 34. Rbc3 Bxd4 35. Rxd4 Qxf5 36. Qd2 Rxd4 37. Qxd4 Qe5
38. Qf2 Kb8 39. Re3 Qd4 40. c3 Qc5 41. Qf4+ Qd6 42. Qxh4 d4 43. cxd4 Qxd4
44. Qg3+ Rd6 45. Bd3 Be6 46. Bc2 Kc8 47. b3 Qd2 48. Rc3+ Kd7 49. Qf3 Bd5
50. Qf5+ Be6 51. Qb5+ Kd8 52. Qb4 Kd7 53. g4 Qe1+ 54. Ka2 Qe2 55. Kb2 Qxa6
56. Qe4 Rd5 57. Qf4 Ke7 58. h4 Qe2 59. Qb4+ Ke8 60. Qa4+ Kf8 61. Qxa7 b5
62. h5 Kg7 63. Qe7 Qd2 64. Rf3 Qh6 65. Qb4 Qg5 66. Rh3 Qh6 67. Qe4 Re5 68.
Qd4 Rg5 69. Rg3 Rd5 70. Qc3 Qd2 71. h6+ Qxh6 72. Rh3 Qd2 73. Rh7+ Kf8 74.
Rh8+ Kg7 75. Rh7+ Kg8 76. Qxf6 Qd4+ 77. Qxd4 Rxd4 78. Rh5 b4 79. g5 Rg4 80.
Kc1 Rg1+ 81. Kb2 Rg2 82. Kc1 Rg1+ 83. Kb2 Rg2 1/2-1/2

[Event "7th Open"]
[Site "Dubai UAE"]
[Date "2005.04.05"]
[Round "2"]
[White "Mariano,N1"]
[Black "Kacheishvili,G"]
[Result "0-1"]
[WhiteElo "2468"]
[BlackElo "2597"]
[EventDate "2005.04.04"]

1. e4 c5 2. Ne2 Nc6 3. Nbc3 g6 4. g3 Bg7 5. Bg2 Rb8 6. O-O b5 7. f4 d6 8.
f5 Nf6 9. Nf4 Ne5 10. Nfd5 e6 11. fxe6 Bxe6 12. Nxf6+ Bxf6 13. Ne2 Bg4 14.
h3 Bxe2 15. Qxe2 O-O 16. d3 Bg7 17. c3 b4 18. Be3 Nc6 19. Qc2 Qa5 20. Bd2
Rb6 21. Kh2 bxc3 22. bxc3 Rfb8 23. Rab1 Rxb1 24. Rxb1 Rxb1 25. Qxb1 Bxc3
26. e5 Nxe5 27. Qb8+ Kg7 28. Qxd6 Nf3+ 29. Bxf3 Qxa2 30. Qxc5 Qxd2+ 31. Bg2
a5 32. Qc4 Be5 33. Qe4 Qg5 34. Qg4 Qe3 35. Qf3 Qe1 0-1

[Event "7th Open"]
[Site "Dubai UAE"]
[Date "2005.04.05"]
[Round "2"]
[White "Minasian,Art"]
[Black "El Taher,F"]
[Result "1-0"]
[WhiteElo "2597"]
[BlackElo "2458"]
[EventDate "2005.04.04"]

1. g3 Nf6 2. Bg2 e5 3. c4 g6 4. Nf3 d6 5. d4 Nbd7 6. Nc3 Bg7 7. h3 O-O 8.
Be3 exd4 9. Bxd4 Nb6 10. b3 Re8 11. O-O Bd7 12. Rc1 Bc6 13. a4 Nbd7 14. a5
Nc5 15. b4 Ne6 16. Be3 Ne4 17. Nd5 a6 18. Qd3 Nf6 19. Kh2 Nxd5 20. cxd5 Bb5
21. Qd2 Nf8 22. Rfe1 Nd7 23. Bg5 f6 24. Bf4 f5 25. Be3 Ne5 26. Ng5 Bd7 27.
Red1 Rb8 28. h4 Nf7 29. Ne6 Bxe6 30. dxe6 Rxe6 31. Bd5 Re8 32. Qa2 Qd7 33.
Bxf7+ Qxf7 34. Qxf7+ Kxf7 35. Rxc7+ Kg8 36. Rxd6 Bf8 37. Rdd7 Re4 38. Rxh7
Rbe8 39. Bh6 R8e7 40. Rhxe7 Bxe7 41. b5 1-0

[Event "7th Open"]
[Site "Dubai UAE"]
[Date "2005.04.05"]
[Round "2"]
[White "Wang Rui"]
[Black "Areshchenko,A"]
[Result "1-0"]
[WhiteElo "2457"]
[BlackElo "2595"]
[EventDate "2005.04.04"]

1. d4 Nf6 2. c4 g6 3. Nc3 Bg7 4. e4 d6 5. Nf3 O-O 6. Be2 Na6 7. O-O e5 8.
Re1 Qe8 9. Bf1 Bg4 10. d5 Nb4 11. Be2 a5 12. h3 Bd7 13. Rb1 Na6 14. Bg5 Kh8
15. Bxf6 Bxf6 16. b3 Nc5 17. a3 Bg7 18. b4 axb4 19. axb4 Na4 20. Nxa4 Rxa4
21. c5 Bb5 22. Nd2 Bh6 23. cxd6 cxd6 24. Bxb5 Qxb5 25. Nc4 Ra6 26. Qd3 Rc8
27. Nxe5 Qxd3 28. Nxd3 Ra3 29. Red1 Rcc3 30. Ne1 Rc4 31. e5 Bf8 32. Nf3 Kg7
33. Rb2 Ra4 34. b5 Rab4 35. Rdb1 Rxb2 36. Rxb2 dxe5 37. Nxe5 Rc1+ 38. Kh2
Bd6 39. f4 Rd1 40. Nc4 Bxf4+ 41. g3 Bb8 42. Rd2 Rc1 43. Rd4 Rc2+ 44. Kh1
Bxg3 45. d6 b6 46. d7 Bc7 47. Nd6 Kf8 48. Nc8 Bd8 49. Re4 Kg7 50. Re8 Bc7
51. Nd6 Rd2 52. d8=Q Bxd8 53. Rxd8 Rd1+ 54. Kg2 Rd2+ 55. Kg1 Rd1+ 56. Kf2
Rd2+ 57. Ke1 Rh2 58. Rb8 Rxh3 59. Rxb6 Rb3 60. Rc6 h5 61. b6 h4 62. b7 Rb2
63. Rc2 Rb1+ 64. Kf2 h3 65. Kg3 Rb3+ 66. Kh2 1-0

[Event "7th Open"]
[Site "Dubai UAE"]
[Date "2005.04.05"]
[Round "2"]
[White "Ravi,L"]
[Black "Guseinov,G"]
[Result "0-1"]
[WhiteElo "2416"]
[BlackElo "2573"]
[EventDate "2005.04.04"]

1. d4 Nf6 2. c4 g6 3. Nc3 Bg7 4. e4 d6 5. Be2 O-O 6. Nf3 Bg4 7. Be3 Nfd7 8.
d5 a6 9. Nd4 Bxe2 10. Qxe2 c5 11. Nb3 b5 12. cxb5 axb5 13. Nxb5 Nb6 14. O-O
Na4 15. Bc1 Nd7 16. Na3 Qb6 17. Nc4 Qb5 18. Qc2 Ndb6 19. Na3 Qa6 20. Rb1 c4
21. Nd2 c3 22. bxc3 Nxc3 23. Rxb6 Qxb6 24. Ndc4 Qb4 25. Bb2 Rfc8 26. Bxc3
Bxc3 27. Rb1 Bb2 28. Qxb2 Qxb2 29. Rxb2 Rxa3 30. Ne3 Rc1+ 31. Nf1 Rd3 32.
f3 Rdd1 33. Rf2 f5 34. g4 fxe4 35. fxe4 Re1 0-1

[Event "7th Open"]
[Site "Dubai UAE"]
[Date "2005.04.05"]
[Round "2"]
[White "Boricsev,O"]
[Black "Neverov,V"]
[Result "0-1"]
[WhiteElo "2415"]
[BlackElo "2566"]
[EventDate "2005.04.04"]

1. e4 c5 2. Nf3 e6 3. c3 Nf6 4. e5 Nd5 5. Bc4 d6 6. O-O dxe5 7. Nxe5 Bd6 8.
d4 O-O 9. Qf3 cxd4 10. cxd4 Nc6 11. Nxc6 bxc6 12. Be3 Qb6 13. Nd2 Qxb2 14.
Bb3 Ba6 15. Rfc1 Nxe3 16. Qxe3 c5 17. d5 exd5 18. Bxd5 Rae8 19. Ne4 Be7 20.
Qf3 Qe5 21. g3 Rd8 22. Rd1 Rxd5 23. Nf6+ Bxf6 24. Qxd5 0-1

[Event "7th Open"]
[Site "Dubai UAE"]
[Date "2005.04.05"]
[Round "2"]
[White "Kulicov,O"]
[Black "Sandipan,C"]
[Result "1/2-1/2"]
[WhiteElo "2402"]
[BlackElo "2558"]
[EventDate "2005.04.04"]

1. e4 c5 2. c3 d5 3. exd5 Qxd5 4. d4 Nf6 5. Nf3 e6 6. Na3 Qd8 7. Bf4 Nc6 8.
dxc5 Bxc5 9. Qxd8+ Kxd8 10. Rd1+ Ke7 11. Nc4 Ne4 12. Ne3 Bd6 13. Bxd6+ Nxd6
14. Nc4 Nxc4 15. Bxc4 b6 16. Nd4 Bb7 17. Nxc6+ Bxc6 18. f3 g5 19. Kf2 h5
20. Rhe1 Rad8 21. Bb3 g4 22. Rxd8 Rxd8 23. Rd1 Rg8 24. Bc4 h4 25. Rd4 f5
26. fxg4 fxg4 27. g3 Rf8+ 28. Ke1 hxg3 29. hxg3 Bf3 30. Be2 e5 31. Ra4 Ke6
32. Kd2 a5 33. Ke3 Bxe2 34. Kxe2 Kf5 35. b4 Ra8 36. bxa5 bxa5 1/2-1/2

[Event "7th Open"]
[Site "Dubai UAE"]
[Date "2005.04.05"]
[Round "2"]
[White "Kuzubov,Y"]
[Black "Huang Qian"]
[Result "1-0"]
[WhiteElo "2558"]
[BlackElo "2382"]
[EventDate "2005.04.04"]

1. d4 Nf6 2. c4 g6 3. Nc3 Bg7 4. e4 d6 5. Be2 O-O 6. Bg5 c5 7. d5 h6 8. Be3
e6 9. Qd2 exd5 10. cxd5 Kh7 11. f3 a6 12. a4 Qa5 13. Ra3 Re8 14. Bf4 Bf8
15. Bb5 Nbd7 16. Nh3 Qb4 17. Be2 Ne5 18. Nf2 Nc4 19. Bxc4 Qxc4 20. a5 Bd7
21. Be3 Bb5 22. Na2 Bd7 23. b3 Qb5 24. Nd1 Bc8 25. Ndc3 Qd7 26. O-O Qe7 27.
Na4 Bd7 28. Nb6 Rab8 29. b4 cxb4 30. Nxb4 Bb5 31. Rc1 Bg7 32. Bd4 Nh5 33.
Bxg7 Kxg7 34. Rac3 Qe5 35. g3 Nf6 36. Rc7 h5 37. Qc3 Qxc3 38. R1xc3 g5 39.
Nc8 Rd8 40. Rc1 g4 41. Kf2 gxf3 42. Kxf3 Bd7 43. Nb6 Bg4+ 44. Kf4 Re8 45.
Re1 Red8 46. Nd3 Nd7 47. Rec1 Nf6 48. Nb2 Kg6 49. Nd3 Be2 50. Nf2 Bb5 51.
Nd1 Bd3 52. Nc3 Ne8 53. Re7 Nf6 54. Ke3 Bb5 55. Nxb5 axb5 56. Rcc7 Re8 57.
Kf4 Rxe7 58. Rxe7 Kg7 59. e5 dxe5+ 60. Kxe5 Ng8 61. Rc7 Nf6 62. d6 h4 63.
Rc3 Rd8 1-0

[Event "7th Open"]
[Site "Dubai UAE"]
[Date "2005.04.05"]
[Round "2"]
[White "Guseinov,El"]
[Black "Burmakin,V"]
[Result "1/2-1/2"]
[WhiteElo "2391"]
[BlackElo "2552"]
[EventDate "2005.04.04"]

1. d4 d5 2. c4 e6 3. Nc3 Be7 4. cxd5 exd5 5. Bf4 c6 6. Qc2 Bd6 7. Bxd6 Qxd6
8. e3 Ne7 9. Bd3 Nd7 10. Nf3 Nf6 11. h3 g6 12. g4 Be6 13. O-O-O Nd7 14. Kb1
h5 15. Ng5 Nf6 16. f3 O-O-O 17. Ne2 Nh7 18. Nxh7 Rxh7 19. Nf4 hxg4 20. hxg4
Rdh8 21. Qg2 Bd7 22. Rxh7 Rxh7 23. Rh1 Rxh1+ 24. Qxh1 Qf6 25. Qh6 Kc7 26.
a3 Nc8 27. Kc2 Nd6 28. Kd2 a6 29. Qh2 g5 30. Nh3 Qxf3 31. Nxg5 Qf6 32. Nh7
1/2-1/2

[Event "7th Open"]
[Site "Dubai UAE"]
[Date "2005.04.05"]
[Round "2"]
[White "Gagunashvili,M"]
[Black "El Arousy,A"]
[Result "1-0"]
[WhiteElo "2547"]
[BlackElo "2371"]
[EventDate "2005.04.04"]

1. d4 Nf6 2. c4 e6 3. Nc3 Bb4 4. Qc2 d5 5. cxd5 Qxd5 6. Nf3 Qf5 7. Qb3 Nc6
8. a3 Ba5 9. g3 Ne4 10. Be3 Qd5 11. Qxd5 exd5 12. Bd2 Nxd2 13. Kxd2 Bg4 14.
b4 Bb6 15. Nxd5 Bxf3 16. exf3 O-O-O 17. Nxb6+ axb6 18. Kc3 Nxd4 19. f4 Rhe8
20. Ra2 Rd6 21. a4 Red8 22. Bc4 Rc6 23. Rc1 Nf3 24. Rac2 Nxh2 25. Kb2 Nf3
26. Bxf7 Rxc2+ 27. Rxc2 Ne1 28. Re2 Nd3+ 29. Kc3 1-0

[Event "7th Open"]
[Site "Dubai UAE"]
[Date "2005.04.05"]
[Round "2"]
[White "Wang Yu A"]
[Black "Sulskis,S"]
[Result "1/2-1/2"]
[WhiteElo "2373"]
[BlackElo "2545"]
[EventDate "2005.04.04"]

1. e4 e5 2. Nc3 Nf6 3. Nf3 Nc6 4. d4 exd4 5. Nxd4 Bb4 6. Nxc6 bxc6 7. Bd3
d5 8. exd5 cxd5 9. O-O O-O 10. Bg5 Bxc3 11. bxc3 h6 12. Bh4 Qd6 13. c4 dxc4
14. Bxc4 Qf4 15. Bxf6 Qxf6 16. Rb1 Bf5 17. Qf3 Rab8 18. Bd3 Bxd3 19. Qxf6
gxf6 20. cxd3 Rfd8 21. Rxb8 Rxb8 22. Rc1 Rb2 23. g3 Rxa2 24. Rxc7 a5 25.
Ra7 a4 26. d4 a3 27. d5 Kg7 28. d6 Rd2 29. Rxa3 Rxd6 1/2-1/2

[Event "7th Open"]
[Site "Dubai UAE"]
[Date "2005.04.05"]
[Round "2"]
[White "Wu Wenjin"]
[Black "Gupta,Ab"]
[Result "1-0"]
[WhiteElo "2535"]
[BlackElo "2361"]
[EventDate "2005.04.04"]

1. Nf3 Nf6 2. c4 Nc6 3. d4 e6 4. Nc3 Bb4 5. Qc2 d6 6. a3 Bxc3+ 7. Qxc3 O-O
8. b4 e5 9. Bb2 Re8 10. e3 Bg4 11. dxe5 dxe5 12. b5 Bxf3 13. gxf3 Nd4 14.
O-O-O c5 15. bxc6 Nxc6 16. Rxd8 Raxd8 17. Bh3 b6 18. Rd1 Rxd1+ 19. Kxd1
Rd8+ 20. Ke2 h6 21. a4 1-0

[Event "7th Open"]
[Site "Dubai UAE"]
[Date "2005.04.05"]
[Round "2"]
[White "Al Qudaimi,B"]
[Black "Sturua,Z"]
[Result "1/2-1/2"]
[WhiteElo "2363"]
[BlackElo "2530"]
[EventDate "2005.04.04"]

1. e4 c6 2. d4 d5 3. Nd2 dxe4 4. Nxe4 Nf6 5. Nxf6+ gxf6 6. Bc4 Bf5 7. Ne2
e6 8. Ng3 Bg6 9. h4 h5 10. Bf4 Bd6 11. Bxd6 Qxd6 12. c3 Nd7 13. Bd3 O-O-O
14. Bxg6 fxg6 15. Qf3 Qd5 16. Qxd5 cxd5 17. O-O-O Kc7 18. f4 Nb6 19. Rhe1
Kd7 20. Rd2 Nc4 21. Rde2 Rc8 22. Nh1 Nd6 23. Ng3 Rhe8 24. Kd2 1/2-1/2

[Event "7th Open"]
[Site "Dubai UAE"]
[Date "2005.04.05"]
[Round "2"]
[White "Svetushkin,D"]
[Black "Nadig,K"]
[Result "1-0"]
[WhiteElo "2530"]
[BlackElo "2241"]
[EventDate "2005.04.04"]

1. d4 Nf6 2. c4 g6 3. f3 d5 4. cxd5 Nxd5 5. e4 Nb6 6. Nc3 Bg7 7. Be3 O-O 8.
Qd2 Nc6 9. O-O-O e5 10. d5 Nd4 11. f4 c5 12. fxe5 Bg4 13. Re1 Bxe5 14. h3
Qh4 15. Bd3 Rac8 16. Rf1 c4 17. Bxd4 Bxd4 18. hxg4 Bxc3 19. bxc3 Qxh1 20.
Nf3 Qxf1+ 21. Bxf1 Rfd8 22. g5 Nd7 23. Qd4 b5 24. Nh2 h5 25. gxh6 f6 26.
Be2 Kf7 27. Bg4 1-0

[Event "7th Open"]
[Site "Dubai UAE"]
[Date "2005.04.05"]
[Round "2"]
[White "Mohamed,A"]
[Black "Mchedlishvili,M"]
[Result "0-1"]
[WhiteElo "1949"]
[BlackElo "2518"]
[EventDate "2005.04.04"]

1. d4 Nf6 2. Nf3 d5 3. c4 c6 4. g3 Bf5 5. Nbd2 e6 6. Bg2 Nbd7 7. O-O Bd6 8.
Nh4 Bg4 9. Re1 O-O 10. Qb3 Rb8 11. e4 Be7 12. cxd5 cxd5 13. exd5 Nxd5 14.
Nhf3 Bf5 15. Nc4 N7f6 16. Nfe5 Nb4 17. Ne3 Be4 18. Bxe4 Nxe4 19. Nc2 Nxc2
20. Qxc2 Nf6 21. Be3 Nd5 22. Rad1 Bf6 23. Ng4 Qa5 24. Nxf6+ Nxf6 25. Qb3
Nd5 26. Rc1 Rfc8 27. Re2 Rxc1+ 28. Bxc1 Rc8 29. Be3 Rc7 30. Kg2 h6 31. a3
b6 32. Rc2 Nxe3+ 33. fxe3 Qd5+ 0-1

[Event "7th Open"]
[Site "Dubai UAE"]
[Date "2005.04.05"]
[Round "2"]
[White "Navara,D"]
[Black "Bosboom Lanchava,T"]
[Result "1-0"]
[WhiteElo "2647"]
[BlackElo "2359"]
[EventDate "2005.04.04"]

1. d4 f5 2. g3 Nf6 3. Bg2 g6 4. Nf3 Bg7 5. c4 O-O 6. O-O d6 7. b3 Ne4 8.
Bb2 Nd7 9. Nbd2 Nxd2 10. Qxd2 Qe8 11. e4 fxe4 12. Ng5 Nf6 13. Nxe4 Nxe4 14.
Bxe4 e6 15. f4 a6 16. Rae1 Qf7 17. d5 Rb8 18. dxe6 Bxe6 19. f5 Bxb2 20.
Qxb2 gxf5 21. Rxf5 Qg7 22. Qxg7+ Kxg7 23. Rxf8 Kxf8 24. Bxh7 Kf7 25. Be4 c6
26. Kf2 a5 27. Bd3 b5 28. cxb5 cxb5 29. Re2 b4 30. Ke3 Ra8 31. Kd4 d5 32.
Rf2+ Ke7 33. Bf5 Bg8 34. h4 a4 35. Bc2 Rc8 36. bxa4 Rc3 37. Bd3 Ra3 38. h5
Rxa4 39. Ke5 1-0

[Event "7th Open"]
[Site "Dubai UAE"]
[Date "2005.04.05"]
[Round "2"]
[White "Aleksandrov,A"]
[Black "Sai,Sr"]
[Result "1-0"]
[WhiteElo "2635"]
[BlackElo "2355"]
[EventDate "2005.04.04"]

1. d4 Nf6 2. c4 g6 3. Nc3 d5 4. cxd5 Nxd5 5. Bd2 Bg7 6. e4 Nb6 7. Be3 O-O
8. Bb5 Bd7 9. Be2 e5 10. dxe5 Bxe5 11. Qc2 c6 12. Nf3 Bg7 13. Rd1 Qc8 14.
h3 Be6 15. b3 N8d7 16. Nd4 Nf6 17. f4 Bd7 18. Bf3 Re8 19. Kf2 h5 20. a4 a5
21. Rhe1 Ra6 22. Kg1 Qb8 23. Qf2 Bc8 24. Rc1 Nbd7 25. e5 Nh7 26. Ne4 Ndf8
27. Nd6 Rd8 28. Red1 Ne6 29. Be2 Ra8 30. Nf3 Bh6 31. Nd2 Nc7 32. Bf3 Be6
33. N2c4 Nd5 34. Bxd5 Bxd5 35. Nb6 Bxb3 36. Rd3 Bd5 37. f5 Bxe3 38. Rxe3 g5
39. Rb1 Ra7 40. Rc3 Kf8 41. h4 g4 42. Qe3 1-0

[Event "7th Open"]
[Site "Dubai UAE"]
[Date "2005.04.05"]
[Round "2"]
[White "Khairallah,F"]
[Black "Bu Xiangzhi"]
[Result "0-1"]
[WhiteElo "2298"]
[BlackElo "2630"]
[EventDate "2005.04.04"]

1. c4 e5 2. Nc3 c5 3. g3 Nc6 4. Bg2 g6 5. a3 a5 6. Nd5 Bg7 7. h4 h6 8. h5
g5 9. b3 d6 10. Bb2 Nge7 11. e3 Nxd5 12. Bxd5 Ne7 13. Bg2 Rb8 14. f4 gxf4
15. gxf4 Rg8 16. Ne2 b5 17. Bc3 Be6 18. cxb5 Bf6 19. Rg1 Qd7 20. a4 Bh4+
21. Kf1 Bh3 22. fxe5 Bxg2+ 23. Rxg2 Qh3 24. Nf4 Qh1+ 25. Ke2 Rxg2+ 26. Nxg2
Qxg2+ 27. Kd3 Qd5+ 28. Kc2 dxe5 29. Qh1 Bf6 30. e4 Qe6 31. Bxa5 Nc6 32. Bc3
Nb4+ 33. Kb2 Nd3+ 34. Kc2 c4 35. b4 Be7 36. Rb1 Rc8 37. a5 Qd7 38. Rg1 Qxb5
39. Rg8+ Bf8 40. Qh2 Qa4+ 41. Kb1 Qd1+ 42. Ka2 Nxb4+ 43. Bxb4 Qa4+ 0-1

[Event "7th Open"]
[Site "Dubai UAE"]
[Date "2005.04.05"]
[Round "2"]
[White "Sargissian,G"]
[Black "Shetty,R"]
[Result "1-0"]
[WhiteElo "2630"]
[BlackElo "2348"]
[EventDate "2005.04.04"]

1. d4 Nf6 2. c4 e6 3. Nf3 b6 4. g3 Ba6 5. Qb3 Nc6 6. Nbd2 Bb7 7. e4 Na5 8.
Qc2 d5 9. cxd5 exd5 10. e5 Ne4 11. Bb5+ c6 12. Bd3 f5 13. exf6 Qxf6 14. O-O
Nxd2 15. Nxd2 O-O-O 16. Bf5+ Kb8 17. Nf3 h6 18. Ne5 Bd6 19. Nd7+ Rxd7 20.
Bxd7 g5 21. b3 c5 22. Bd2 Nc6 23. Bxc6 Bxc6 24. Be3 Rc8 25. Qd2 Bb7 26. h4
cxd4 27. Bxd4 Rc2 28. Bxf6 Rxd2 1-0